Random Latin Sentences #4 - Statistics

General Stats
  • This quiz has been taken 23 times
  • The average score is 18 of 34
Answer Stats
Latin English % Correct
Est Is
95%
Non Not
95%
Videre See
85%
Stephenus Stephen
85%
Auditus Heard
80%
Tempus Time
80%
Bobbus Bob
75%
Bobbus Bob
75%
Bobbus Bob
75%
Bobbus Bob
75%
Sed But
75%
Silva Forest
70%
Per Through
65%
Eum Him
55%
Vidi Looked
55%
Vidi Looked
55%
Poterat Could
50%
Poterat Could
50%
Strepitus Noises
50%
Strepitus Noises
50%
Strepitus Noises
50%
Invenient Find
45%
Diu Long
45%
Emarcuit Wandered
35%
Fatum Weird
35%
Fatum Weird
35%
Propius Closer
30%
Primordium Source
25%
Primordium Source
25%
Illud That
25%
Ignarus Unaware
15%
Strido Screamed
10%
Jugis Continued
5%
Magus More
5%
No matching quizzes found
Score Distribution
Percent of People with Each Score
Percentile by Number Answered
Your Score History
You have not taken this quiz